شرح قانون الإجراءات الجنائية وفقا لأحدث التعديلات التشريعية / (Record no. 24074)
[ view plain ]
| 000 -الفاتح | |
|---|---|
| حقل البيانات ثابتة الطول | 01041nam a22002535a 4500 |
| 003 - محدد رقم الضبط | |
| رقم الضبط | OSt |
| 005 - وقت وتاريخ اخر تعامل مع التسجيلة | |
| رقم الضبط | 20170207113250.0 |
| 008 - عناصر البيانات ثابتة الطول - معلومات عامة | |
| حقل البيانات ثابتة الطول | 170116s2016 ua frb 000 0 ara d |
| 040 ## - مصدر الفهرسة | |
| وكالة الفهرسة الأصلية | EG-ScBUE |
| لغة الفهرسة | ara |
| وكالة النسخ | EG-ScBUE |
| وكالة التعديل | EG-ScBUE |
| 043 ## - رمز المنطقة الجغرافية | |
| رمز المنطقة الجغرافية | f-ua--- |
| 082 04 - رقم تصنيف ديوى العشرى | |
| رقم التصنيف | 345.6205 |
| رقم المادة | ح س ن |
| رقم الطبعة | 22 |
| 100 1# - المدخل الرئيسى - إسم شخصى | |
| الإسم الشخصى | حسني، محمود نجيب. |
| 245 10 - بيان العنوان | |
| العنوان | شرح قانون الإجراءات الجنائية وفقا لأحدث التعديلات التشريعية / |
| بيان المسئوليه,etc | تأليف محمود نجيب حسني ؛ تنقيح فوزية عبد الستار. |
| 250 ## - بيان الطبعة | |
| بيان الطبعة | ط. 5. |
| 260 ## - PUBLICATION, DISTRIBUTION, ETC. (IMPRINT) | |
| مكان الناشر او الموزع | القاهرة : |
| اسم الناشر او الموزع | دار النهضه العربية، |
| تاريخ النشر أو التوزيع | 2016. |
| 300 ## - الوصف المادى | |
| التعداد | 2 مج. ؛ |
| أبعاد الوعاء | 24 سم. |
| 504 ## - تبصرة ببليوجرافية | |
| تبصرة ببليوجرافية,الخ | يشتمل على إرجاعات ببليوجرافية. |
| 650 #7 - المدخل الاضافى بالموضوع-مصطلح موضوعى | |
| مصطلح موضوعي أو اسم جغرافي كعنصر مدخل | قانون الإجراءات الجنائية |
| مصدر الرأس أو المصطلح | BUEsh |
| 9 (RLIN) | 41140 |
| التقسيم الفرعي الجغرافي | مصر. |
| 650 #7 - المدخل الاضافى بالموضوع-مصطلح موضوعى | |
| مصطلح موضوعي أو اسم جغرافي كعنصر مدخل | المحاكم الجنائية |
| مصدر الرأس أو المصطلح | BUEsh |
| 9 (RLIN) | 41159 |
| التقسيم الفرعي الجغرافي | مصر. |
| 651 ## - المدخل الاضافى بالموضوع - اسم جغرافى | |
| مصدر الرأس أو المصطلح | BUEsh |
| 653 ## - مصطلح تكشيفى غير مقيد | |
| Resource For college | Law |
| Arrived date list | February2017 |
| 700 1# - المدخل الاضافى - اسم شخصى | |
| الإسم الشخصى | عبد الستار، فوزية، |
| الدور | منقح. |
| 942 ## - عناصر المدخل الإضافي( كوها) | |
| مصدر التصنيف او مخطط الترفيف | Dewey Decimal Classification |
| حالة التراجع | حالة الفقد | مصدر التصنيف او خطة الترفيف | حالة تلف | ليس للاعارة | مجموعات كوها | المكان الدائم | المكان الحالي | موقع الترفيف | تاريخ الاكتساب | Source of acquisition | سعر الشراء الطبيعي | تعداد مسلسل / التسلسل الزمني | رقم الاستدعاء | الباركود | Date last seen | مُعار | التكلفة | نوع الوعاء | تبصرة عامة | Date last checked out |
|---|---|---|---|---|---|---|---|---|---|---|---|---|---|---|---|---|---|---|---|---|
| Dewey Decimal Classification | دار النهضة العربية | Central Library | Central Library | First floor | 07/02/2017 | Purchase | 350.00 | 2815 | 345.6205 ح س ن | 000041097 | 15/07/2025 | 19/02/2025 | 437.50 | Book - Borrowing | مج. 1. | |||||
| Dewey Decimal Classification | دار النهضة العربية | Central Library | Central Library | First floor | 07/02/2017 | Purchase | 350.00 | 2815 | 345.6205 ح س ن | 000041094 | 11/03/2026 | 07/03/2026 | 437.50 | Book - Borrowing | مج. 1. | |||||
| Dewey Decimal Classification | دار النهضة العربية | Central Library | Central Library | First floor | 07/02/2017 | Purchase | 350.00 | 2815 | 345.6205 ح س ن | 000041095 | 14/03/2026 | 25/02/2026 | 437.50 | Book - Borrowing | مج. 2. | |||||
| Dewey Decimal Classification | دار النهضة العربية | Central Library | Central Library | First floor | 07/02/2017 | Purchase | 350.00 | 2815 | 345.6205 ح س ن | 000041096 | 25/01/2026 | 25/01/2026 | 437.50 | Book - Borrowing | مج. 2. | 01/02/2026 |